Central Library OPAC University of Rajshahi

Evaluation of groundwater potentiality and exploitation in Barind area and its impact on environment / (Record no. 82266)

MARC details
000 -LEADER
fixed length control field 01052nam a22002537a 4500
001 - CONTROL NUMBER
RUCL Control Number 82266
003 - CONTROL NUMBER IDENTIFIER
rucl marc code BD-RjUL
005 - DATE AND TIME OF LATEST TRANSACTION
control field 20231108171108.0
008 - FIXED-LENGTH DATA ELEMENTS--GENERAL INFORMATION
fixed length control field 231108s2014 bg a|||| m||| 00| 0 eng d
035 ## - SYSTEM CONTROL NUMBER
system control number (BD-RjUL)82266
040 ## - CATALOGING SOURCE
Original cataloging agency BD-RjUL
Language of cataloging eng
Transcribing agency BD-RjUL
Modifying agency BD-RjUL
041 ## - LANGUAGE CODE
Language code of Book eng
082 ## - DEWEY DECIMAL CLASSIFICATION NUMBER
DDC Edition number 23
Classification number 551.49
Author mark and Year HAE 2014
100 ## - MAIN ENTRY--PERSONAL NAME
Personal name Hasan, Md. Rashidul
9 (RLIN) 9976
245 10 - TITLE STATEMENT
Title Evaluation of groundwater potentiality and exploitation in Barind area and its impact on environment /
Statement of responsibility, etc Submitted By Md. Rashidul Hasan ;
Name of Supervisor/Co-Supervisor Principal Supervisor : Md. Golam Mostafa, Co-Supervisor : Iqbal, Matin
260 ## - PUBLICATION, DISTRIBUTION, ETC. (IMPRINT)
Place of publication, distribution, etc Rajshahi :
Name of publisher, distributor, etc Institute of Environmental Science, University, of Rajshahi,
Date of publication, distribution, etc 2014
300 ## - PHYSICAL DESCRIPTION
Pagination xiii, 158 leaves :
Other physical details ill, ;
Dimensions 29.cm.
502 ## - DISSERTATION NOTE
Dissertation note Thesis (Ph. D.) -- Institute of Environmental Science, University, of Rajshahi, 2014
504 ## - BIBLIOGRAPHY, ETC. NOTE
Bibliography, etc References : Leaves 92 - 111
650 ## - SUBJECT ADDED ENTRY--TOPICAL TERM
Topical term or geographic name as entry element Groundwater
General subdivision Geology
9 (RLIN) 1359
700 ## - ADDED ENTRY--SUPERVISOR/CO-SUPERVISOR NAME
Personal name Mostafa, Md. Golam, Principal Supervisor
9 (RLIN) 6619
Personal name Matin, Iqbal, Co-Supervisor
9 (RLIN) 9977
942 ## - ADDED ENTRY ELEMENTS (KOHA)
Source of classification or shelving scheme Dewey Decimal Classification
Koha item type Theses
Holdings
Source of classification or shelving scheme Damaged status Not for loan Collection code Permanent Location Current Location Shelving location Date of accession Source of acquisition Total Checkouts Full call number Barcode Date last seen Copy number Thesis
Dewey Decimal Classification   Not For Loan Theses Central Library, University of Rajshahi Central Library, University of Rajshahi Documentation Section 26/11/2015 Controller of Exam. R.U.   THE 551.49 HAE 2014 D3840 08/11/2023 C-1 Theses